| 000 | 00503nam a22001937a 4500 | ||
|---|---|---|---|
| 003 | MPLRDC | ||
| 005 | 20220104143515.0 | ||
| 008 | 210129b ||||| |||| 00| 0 eng d | ||
| 020 | _a978-986-177-317-9 | ||
| 082 | _a463.81 JLZH | ||
| 100 | _a酒类综合研究所 | ||
| 245 |
_a酿酒、品酒不简单 _c黄郁婷 译 |
||
| 250 | _a初版 | ||
| 260 |
_a台湾 _b晨星出版有限公司 _c2009 |
||
| 300 | _b191 | ||
| 490 | _a知的!: 06 | ||
| 650 | _a酒类制造 | ||
| 942 |
_cBK _o463.81 JLZH |
||
| 999 |
_c40578 _d40568 |
||